Culture Générale - Série 766 - Statistiques

Statistiques générales
  • Ce quiz a été pris 425 fois
  • Le résultat moyen est 7 sur 10
Statistiques - réponses
Question Réponse % Correct
Dans quelle ville du Sud de la France le quartier des Baumettes abrite-t-il une prison ? Marseille
95%
Quel mot anglais, traduction de "vivant", est utilisé pour désigner une émission ou un disque enregistrés en public ? live
94%
De quelle ville les Stéphanois sont-ils les habitants ? Saint-Etienne
94%
De quel prénom, le pseudonyme du chanteur Bénabar est-il le verlan ? Barnabé
88%
Quel acteur français est surnommé Bébel ? Jean-Paul Belmondo
85%
Quel pilote français a été sacré cinq fois champion du monde des rallyes entre 2004 et 2008 ? Sébastien Loeb
72%
Dans un forum de discussion par Internet, quelle personne est spécifiquement chargée du tri et du contrôle des messages ? modérateur
59%
Qui est la compagne de l'acteur-réalisateur Yvan Attal, et la mère de ses 2 enfants ? Charlotte Gainsbourg
55%
Complétez le titre du film réalisé en 1969 par Eric Rohmer, "Ma nuit ... chez Maud
17%
Complétez le titre du film réalisé en 1968 par Maurice Pialat, "L'enfance ... nue
5%
Aucun quiz correspondant
Distribution des résultats
% des personnes avec chaque résultat
Percentile par nombre de réponses
Votre historique - résultats
Vous n’avez pas pris ce quiz